Bread 12 Ways - Statistics

General Stats
  • This quiz has been taken 96 times
  • The average score is 9 of 12
Answer Stats
Picture Answer % Correct
Croissant
100%
Toast
100%
Baguette
94%
Bagel
93%
Pretzel
93%
French Toast
88%
Biscuit
71%
Naan
70%
Corn Bread
60%
Graham Cracker
60%
Yorkshire Pudding
44%
Injera
21%
No matching quizzes found
Score Distribution
Percent of People with Each Score
Percentile by Number Answered
Your Score History
You have not taken this quiz